| 000 | 00853nam a22002657a 4500 | ||
|---|---|---|---|
| 005 | 20140101144258.0 | ||
| 010 | _aENG-108951 | ||
| 020 |
_a9781259097423 _c675.00 |
||
| 020 |
_a1259097420 _c675.00 |
||
| 035 | _aEN-92484 | ||
| 037 | _bDBAD/PUB | ||
| 082 |
_a337 _220 |
||
| 100 | _a Appleyard, Dennis R. | ||
| 245 |
_aInternational economics / _cby Dennis R. Appleyard [and] Alfred J. Field, Jr. |
||
| 250 | _a8th ed | ||
| 260 |
_aNew Delhi _bMcGraw Hill Education _c2013 |
||
| 270 |
_aP-24,Green Park Extension _bNew Delhi _e110016 |
||
| 300 |
_axxiv, 824 p. : _c26cm(pbk) _bill. |
||
| 500 | _aIncludes bibliographical references and index. | ||
| 650 | _aInternational economic relations | ||
| 650 | _aInternational trade | ||
| 650 | _aInternational finance | ||
| 700 | _aField, Alfred J. | ||
| 942 |
_2ddc _cEN _mAPP _h337 |
||
| 999 |
_c81519 _d81519 |
||